| 000 | 00844nam a22001937a 4500 | ||
|---|---|---|---|
| 999 |
_c60855 _d60855 |
||
| 005 | 20231110122526.0 | ||
| 008 | 231110s1983 ru ||||| |||| 00| 0 rus d | ||
| 041 | _arus | ||
| 080 | _a902.6 Г-20 | ||
| 100 |
_aГарден, Жан-Клод _920323 |
||
| 245 |
_aТеоретическая археология / _cЖан-Клод Гарден; Пер. с фр. Л.А. Лавлинской, Л.Е. Торшиной. |
||
| 264 |
_aМосква : _bПрогресс, _c1983. |
||
| 300 |
_a295 с. : _bил. ; _c21 см |
||
| 440 |
_aОбществественные науки за рубежом _920324 |
||
| 653 | _aარქეოლოგია | ||
| 700 |
_aЛавлинская, Л.А. _eმთარგმნელი _920325 |
||
| 700 |
_aТоршина, Л.Е. _eმთარგმნელი _920326 |
||
| 942 |
_2udc _cᲬᲘᲒᲜᲘ |
||